Normal view MARC view

Entry Personal Name

Number of records used in: 1

001 - CONTROL NUMBER

  • control field: 168910

003 - CONTROL NUMBER IDENTIFIER

  • control field: OSt

005 - DATE AND TIME OF LATEST TRANSACTION

  • control field: 20240601100952.0

008 - FIXED-LENGTH DATA ELEMENTS

  • fixed length control field: 240601|| aca||aabn | a|a d

040 ## - CATALOGING SOURCE

  • Original cataloging agency: OSt
  • Transcribing agency: OSt

100 ## - HEADING--PERSONAL NAME

  • Personal name: MATHAYAS (Monika Dsa)

670 ## - SOURCE DATA FOUND

  • Source citation: Work cat.: (OSt)227375: MATHAYAS (Monika Dsa); , Pananch fulam jatana:, 2023